Treasure Island
محفوظ في:
| المؤلف الرئيسي: | |
|---|---|
| التنسيق: | كتاب |
| اللغة: | Undetermined |
| منشور في: |
Londres, Inglaterra
Collins Sons and Co.
1953
|
| الموضوعات: | |
| الوسوم: |
إضافة وسم
لا توجد وسوم, كن أول من يضع وسما على هذه التسجيلة!
|
MARC
| LEADER | 00000nam a2200000Ia 4500 | ||
|---|---|---|---|
| 008 | 170316s9999 xx 000 0 und d | ||
| 040 | |a cru BVZT | ||
| 090 | |a 820 S-16t | ||
| 100 | |a Stevenson, Robert Louis | ||
| 245 | |a Treasure Island | ||
| 260 | |a Londres, Inglaterra | ||
| 260 | |b Collins Sons and Co. | ||
| 260 | |c 1953 | ||
| 300 | |a 248 páginas | ||
| 650 | |a LITERATURA INGLESA | ||
| 650 | |a EN IDIOMA INGLÉS | ||
| 650 | |a LITERATURA DE AVENTURAS | ||
| 999 | |c 7075 |d 7075 | ||
| 942 | |c 15 D |h 820 S-16t |2 z | ||
